Statistics for -Tion Vocabulary Words Quiz #1

Click here to take the quiz!

General Stats

  • This quiz has been taken 23,085 times
    (8,289 since last reset)
  • The average score is 13 of 20

Answer Stats

Definition Word % Correct
Long, winter sleep for certain animals{Hiberna}tion
98%
Seasonal movement of animals{Migra}tion
86%
Large estate on which cash crops
are grown
{Planta}tion
83%
Murder for political reasons{Assassina}tion
83%
Ceremony to crown a monarch{Corona}tion
81%
Supplying farmland with water{Irriga}tion
78%
Process through which money
becomes worth less
{Infla}tion
76%
An increase in velocity{Accelera}tion
70%
Illegally leaving the military{Deser}tion
67%
Resignation of the throne{Abdica}tion
67%
Digging, especially by an archeologist{Excava}tion
66%
Process of taming wild animal species{Domestica}tion
60%
Length of pregnancy{Gesta}tion
60%
Doctoral thesis{Disserta}tion
56%
Chewing{Mastica}tion
55%
Removing salt from water{Desalina}tion
54%
Birth control{Contracep}tion
54%
Attempting to find water using
a magic rod
{Divina}tion
39%
Short blessing at the end of
a church service
{Benedic}tion
27%
Chewing cud{Rumina}tion
18%

Score Distribution

Percentile by Number Answered

Percent of People with Each Score

Your Score History

You have not taken this quiz since the last reset